LDR 01019naa#a2200193#i#450# 001 RU\\bibl\119764 005 20260702080305.4 011 ## _a1815-588X 100 ## _a20250321b2025####ek#y0rusy0150####ca 102 ## _aRU 200 1# _aОПЫТ ОБСЛЕДОВАНИЯ И ПРОВЕДЕНИЯ ИНЖЕНЕРНЫХ РАСЧЕТОВ ТОННЕЛЯ СУХАРНЫЙ ЛОЗОВО-СЕВАСТОПОЛЬСКОЙ Ж. Д _eЖурнальная статья 210 1# _aСанкт-Петербург _cФГБОУ ВО "Петербургский государственный университет путей сообщения Императора Александра I" _d2025 215 ## _a12 с. 608 ## _aЖурнальная статья _2local 675 ## _aТранспортные тоннели. 624.195 _z 700 #1 _aКавказский _gВладимир Николаевич 700 #1 _aСоловьев _gДмитрий Андреевич 700 #1 _aСоловьев _gРоман Андреевич 856 4# _aatjournal.ru _u